000 00538nam a2200181Ia 4500
005 20250508162130.0
008 008 250505s9999 xx 000 0 eng d
037 _aTextual
040 _aFEDL
_beng
_cFEDL
041 _aeng
_2eng
084 _aB, BLA
_qFEDL
100 _aChambers Peggy
_9760853
245 0 _aDoctor alone: A biography of Elozabeth Blackwell: The first woman doctor 1821-1910
260 _aLondon, UK
_bThe Bodley Head
_c1956
300 _avii,187p
942 _cTEXL
_hB, BLA
999 _c1374572
_d1374572